000 00744nam a2200265Ia 4500
005 20260302113951.0
008 008 260114s9999 xx 000 0 eng d
020 _a9781350139350
037 _aTextbook
040 _aCRL
040 _beng
040 _cCRL
041 _2eng
041 _aeng
084 _qCRL
100 _aJamin Pelkey and Stéphanie Walsh Matthews
_91117354
245 0 _aBloomsbury Semiotics Volume 2: Semiotics in the Natural and Technical Sciences
260 _bBloomsbury
260 _bBloomsbury Academic
260 _c2023
650 _aLinguistics
856 _uhttps://doi.org/10.5040/9781350139350?locatt=label:secondary_bloomsburyCollections
942 _cEBOOK
999 _c1680869
_d1680869